01648nam a2200385 a 4500001001200000003000800012006001900020007001500039008004100054010001700095020002800112040002100140035002000161050002500181082001700206100002500223245011100248260005900359300001700418500008600435504006400521533015200585600004800737600004200785650005700827650003000884650005300914650003900967650003401006650003301040655002901073710001701102856012601119999001701245ebr10015696CaPaEBRm u cr cn|||||||||990302s1999 cau sb 001 0 eng  z 99022587  z0804735417 (alk. paper) aCaPaEBRcCaPaEBR a(OCoLC)7076910614aPR555.E6bI73 1999eb04a811/.5092211 aIrlam, Shaun,d1959-10aElationsh[electronic resource] :bthe poetics of enthusiasm in eighteenth-century Britain /cShaun Irlam. aStanford, Calif. :bStanford University Press,cc1999. aviii, 284 p. aOriginally presented as the author's thesis (doctoral--Johns Hopkins University). aIncludes bibliographical references (p. 265-277) and index. aElectronic reproduction.bPalo Alto, Calif. :cebrary,d2013.nAvailable via World Wide Web.nAccess may be limited to ebrary affiliated libraries.10aYoung, Edward,d1683-1765.tNight thoughts.10aThomson, James,d1700-1748.tSeasons. 0aEnglish poetryy18th centuryxHistory and criticism. 0aEnthusiasm in literature. 0aDidactic poetry, EnglishxHistory and criticism. 0aAesthetics, Britishy18th century. 0aSentimentalism in literature. 0aSublime, The, in literature. 7aElectronic books.2local2 aebrary, Inc.40uhttp://site.ebrary.com/lib/rucke/Doc?id=10015696zAn electronic book accessible through the World Wide Web; click to view c11799d11799